00518nam a22001817a 450000500170000001000140001702000230003102000180005403500140007203700140008608200130010010000190011324500680013226000300020027000390023030000280026950000390029720250627161111.0 aEN-145622 a0415979730c395.00 a9780415979733 aEN-129154 adplbDBAD a320.5315 aLeBlanc, Paul  aMarx, Lenin, and the Revolutionary Experience/cby Paul LeBlanc aNew YorkbRoutledgec2007 a270 Madison Ave, bNew Yorke10016 axiii, 337p.c23 cm (pb) ait includes bibliography and index